Welcome to CU Library Online Public Access Catalogue (OPAC)

SUPERVISION (Record no. 8702)

MARC details
000 -LEADER
fixed length control field 00415nam a2200181 4500
005 - DATE AND TIME OF LATEST TRANSACTION
control field 20260213152503.0
008 - FIXED-LENGTH DATA ELEMENTS--GENERAL INFORMATION
fixed length control field CU66
020 ## - INTERNATIONAL STANDARD BOOK NUMBER
International Standard Book Number 0072415940
050 ## - LIBRARY OF CONGRESS CALL NUMBER
Classification number HF 5549 RUE
100 ## - MAIN ENTRY--PERSONAL NAME
Personal name RUE, LESLIE W.
245 ## - TITLE STATEMENT
Title SUPERVISION
Remainder of title KEY LIKE TO PRODUCTIVITY
250 ## - EDITION STATEMENT
Edition statement 7TH
260 ## - PUBLICATION, DISTRIBUTION, ETC.
Place of publication, distribution, etc. BOSTON
Name of publisher, distributor, etc. McGRAW HILL
Date of publication, distribution, etc. 2001
300 ## - PHYSICAL DESCRIPTION
Extent XVI,476p.,ILLUS.
500 ## - GENERAL NOTE
General note INDEX
700 ## - ADDED ENTRY--PERSONAL NAME
Personal name BYARS, LLOYD L.
942 ## - ADDED ENTRY ELEMENTS (KOHA)
Source of classification or shelving scheme Library of Congress Classification
Koha item type Books
Suppress in OPAC No
999 ## -
-- 8702
-- 8702
Holdings
Withdrawn status Lost status Source of classification or shelving scheme Damaged status Not for loan Home library Current library Shelving location Date acquired Total checkouts Full call number Barcode Date last seen Price effective from Koha item type
    Library of Congress Classification     Graduate Library (Christ Temple) Graduate Library (Christ Temple) General stacks 02/13/2026   HF 5549 RUE gsct00002426 02/13/2026 02/13/2026 Books
    Library of Congress Classification     Graduate Library (Christ Temple) Graduate Library (Christ Temple) General stacks 02/13/2026   HF 5549 RUE gsct00002427 02/13/2026 02/13/2026 Books
    Library of Congress Classification     Graduate Library (Christ Temple) Graduate Library (Christ Temple) General stacks 02/13/2026   HF 5549 RUE gsct00002428 02/13/2026 02/13/2026 Books
    Library of Congress Classification     Graduate Library (Christ Temple) Graduate Library (Christ Temple) General stacks 02/13/2026   HF 5549 RUE gsct00002429 02/13/2026 02/13/2026 Books
    Library of Congress Classification     Graduate Library (Christ Temple) Graduate Library (Christ Temple) General stacks 02/13/2026   HF 5549 RUE gsct00002430 02/13/2026 02/13/2026 Books
    Library of Congress Classification     Graduate Library (Christ Temple) Graduate Library (Christ Temple) General stacks 02/13/2026   HF 5549 RUE gsct00002431 02/13/2026 02/13/2026 Books
    Library of Congress Classification     Graduate Library (Christ Temple) Graduate Library (Christ Temple) General stacks 02/13/2026   HF 5549 RUE gsct00002432 02/13/2026 02/13/2026 Books
    Library of Congress Classification     Graduate Library (Christ Temple) Graduate Library (Christ Temple) General stacks 02/13/2026   HF 5549 RUE gsct00002433 02/13/2026 02/13/2026 Books
© 2023-2024 Copyright: Central University Libraries. All Rights Reserved | Created by: Mahone Tech Office